Catálogo
 En Linea

Bibliografía del sur dominicano / (Registro nro. 47815)

Detalles MARC
000 -CABECERA
campo de control de longitud fija 00844nam a2200229 a 4500
001 - NÚMERO DE CONTROL
campo de control 000048327
003 - IDENTIFICADOR DEL NÚMERO DE CONTROL
campo de control DO-SdBNP
005 - FECHA Y HORA DE LA ÚLTIMA TRANSACCIÓN
campo de control 20220511101412.0
007 - CAMPO FIJO DE DESCRIPCIÓN FÍSICA--INFORMACIÓN GENERAL
campo de control de longitud fija ta
008 - DATOS DE LONGITUD FIJA--INFORMACIÓN GENERAL
campo de control de longitud fija 190130s2018 dr r 000 0 spa d
020 ## - NÚMERO INTERNACIONAL ESTÁNDAR DEL LIBRO
Número Internacional Estándar del Libro 9789945609462
040 ## - FUENTE DE LA CATALOGACIÓN
Centro catalogador/agencia de origen DO-SdBNP
Lengua de catalogación spa
Centro/agencia transcriptor BNPHU
082 #4 - NÚMERO DE LA CLASIFICACIÓN DECIMAL DEWEY
Número de clasificación 016.72932
Número de documento/Ítem D542b
Número de edición 22
100 ## - ENTRADA PRINCIPAL--NOMBRE DE PERSONA
Nombre de persona Díaz Melo, Ismael,
Fechas asociadas al nombre 1962-
9 (RLIN) 33370
245 10 - MENCIÓN DE TÍTULO
Título Bibliografía del sur dominicano /
Mención de responsabilidad, etc. Ismael Díaz Melo.
260 ## - PUBLICACIÓN, DISTRIBUCIÓN, ETC.
Lugar de publicación, distribución, etc. Santo Domingo :
Nombre del editor, distribuidor, etc. Santuario,
Fecha de publicación, distribución, etc. 2018.
300 ## - DESCRIPCIÓN FÍSICA
Extensión 205 p. ;
Dimensiones 24 cm.
505 0# - NOTA DE CONTENIDO CON FORMATO
Nota de contenido con formato Azua --
Título Bahoruco --
-- Barahona --
-- Elías Piña --
-- Independencia --
-- Pedernales --
-- Peravia --
-- San Cristóbal --
-- San José de Ocoa --
-- San Juan de la Maguana --
-- De interés general.
590 ## - NOTA LOCAL (RLIN)
Nota local Inventariado, 2019 / DG
651 #4 - PUNTO DE ACCESO ADICIONAL DE MATERIA--NOMBRE GEOGRÁFICO
Nombre geográfico República Dominicana, Suroeste
Subdivisión de forma Bibliografías
9 (RLIN) 81589
942 ## - ELEMENTOS DE PUNTO DE ACCESO ADICIONAL (KOHA)
Fuente del sistema de clasificación o colocación Dewey Decimal Classification
Tipo de ítem Koha Libro
Existencias
Estado de retiro Estado de pérdida Fuente del sistema de clasificación o colocación Restricciones de uso No para préstamo Código de colección Localización permanente Ubicación/localización actual Ubicación en estantería Fecha de adquisición Fuente de adquisición Signatura topográfica completa Código de barras Fecha visto por última vez Número de copia Precio válido a partir de Tipo de ítem Koha Total de préstamos Fecha del último préstamo
    Dewey Decimal Classification Préstamo en sala   Dominicana en Servicio Referencia Biblioteca Nacional Pedro Henríquez Ureña Biblioteca Nacional Pedro Henríquez Ureña Depósito 30.01.2019 Donación BNPHU R-DS 016.72932 D542b 48327-30 25.06.2020 e.3 25.06.2020 Libro    
    Dewey Decimal Classification Préstamo en sala   Dominicana en Servicio Referencia Biblioteca Nacional Pedro Henríquez Ureña Biblioteca Nacional Pedro Henríquez Ureña Depósito 08.02.2019 Donación BNPHU R-DS 016.72932 D542b 48327-40 25.06.2020 e.4 25.06.2020 Libro    
    Dewey Decimal Classification Préstamo restringido   Dominicana en Servicio Referencia Biblioteca Nacional Pedro Henríquez Ureña Biblioteca Nacional Pedro Henríquez Ureña Depósito 30.01.2019 Depósito Legal BNPHU R-PD 016.72932 D542b 48327-10 25.06.2020   25.06.2020 Libro    
    Dewey Decimal Classification Préstamo restringido   Dominicana en Servicio Referencia Biblioteca Nacional Pedro Henríquez Ureña Biblioteca Nacional Pedro Henríquez Ureña Depósito 30.01.2019 Depósito Legal BNPHU R-PD 016.72932 D542b 48327-20 04.08.2025 e.2 25.06.2020 Libro 1 04.08.2025
    Dewey Decimal Classification Préstamo en sala   Dominicana en Servicio Referencia Biblioteca Nacional Pedro Henríquez Ureña Biblioteca Nacional Pedro Henríquez Ureña Depósito 19.04.2022 Compra BNPHU R-DS 016.72932 D542b 2022-1414 19.04.2022 e.5 19.04.2022 Libro    

Con tecnología Koha